All the apostles of the Bible: (Record no. 327)

000 -LEADER
fixed length control field 00650nam a2200181 a 4500
001 - CONTROL NUMBER
control field :::00013480$&:&@@
003 - CONTROL NUMBER IDENTIFIER
control field OkBaRHE
005 - DATE AND TIME OF LATEST TRANSACTION
control field 20100323203852.0
008 - FIXED-LENGTH DATA ELEMENTS--GENERAL INFORMATION
fixed length control field s1972 j 000 0 eng u
040 ## - CATALOGING SOURCE
Transcribing agency
100 1# - MAIN ENTRY--PERSONAL NAME
Personal name Lockyer, Herbert.
245 10 - TITLE STATEMENT
Title All the apostles of the Bible:
Remainder of title studies in the characters of the apostles, the men Jesus chose, and the message they proclaimed.
260 ## - PUBLICATION, DISTRIBUTION, ETC. (IMPRINT)
Place of publication, distribution, etc Grand Rapids, MI., :
Name of publisher, distributor, etc Zondervan Publishing House
Date of publication, distribution, etc 1972
300 ## - PHYSICAL DESCRIPTION
Extent 278 p. : illus. ;
Dimensions 24 cm.
650 ## - SUBJECT ADDED ENTRY--TOPICAL TERM
Topical term or geographic name as entry element Apostles
942 ## - ADDED ENTRY ELEMENTS (KOHA)
Source of classification or shelving scheme
Koha item type Books
Copies
Not for loan Full call number Withdrawn status Date last seen Copy number Date acquired Permanent Location Koha item type Barcode Lost status Shelving location Damaged status Collection code Source of classification or shelving scheme Price effective from
 BS 2440 .L6 2018-03-1612010-04-14RHEMA Bible Training CollegeBooks13480 General Stacks Reference 2010-04-14